Normal view
MARC view
Entry Personal Name
001 - CONTROL NUMBER
- control field: 67795
003 - CONTROL NUMBER IDENTIFIER
- control field: dpl
005 - DATE AND TIME OF LATEST TRANSACTION
- control field: 20240626154122.0
008 - FIXED-LENGTH DATA ELEMENTS
- fixed length control field: 240626|| aca||aabn | a|a d
040 ## - CATALOGING SOURCE
- Original cataloging agency: dpl
- Transcribing agency: dpl
100 ## - HEADING--PERSONAL NAME
- Personal name: Duma, Alexandre
670 ## - SOURCE DATA FOUND
- Source citation: Work cat.: (dpl)203753: Duma, Alexandre, The count of Monte Cristo / , 2013
